000 00321nam a22001337a 4500
008 180129b xxu||||| |||| 00| 0 eng d
020 _a9241561998
041 _aeng
080 _a338
100 _a54
101 _aMIS
245 _aDesign and implementation health information systems
_cLippeveld,Th
942 _2udc
_cBK
999 _c41190
_d41190